00459nam a2200109Ia 4500008004100000040004400041100002400085245008800109260002700197300000900224600011600233180412s9999||||xx |||||||||||||| ||und|| aAhmadu Bello University Library - Zaria aAJAYI, John Olufemi 0aLibrary education in Nigeria 1948-1986cJohn Olufemi Ajayi, Moses Adekunle Omoniwa. aZaria.bA. B. U.c1987 a81p. aLibrarianship; organization, buildings, administration, etc.Divide by Table 2. Education and Training. Nigeria.